[Event "AZE-ch Prelim 78th"]
[Site "Baku"]
[Date "2024.04.17"]
[Round "7"]
[White "Suleymanli, Suleyman"]
[Black "Ibrahimli, Murad Sultanali"]
[Result "1/2-1/2"]
[WhiteElo "2246"]
[BlackElo "2396"]
[PlyCount "113"]
[EventDate "2024.04.11"]
[EventType "swiss"]
[EventRounds "9"]
[EventCountry "AZE"]
[SourceTitle "CB17_2024"]
[SourceDate "2024.04.24"]
[SourceVersion "1"]
[SourceVersionDate "2024.04.24"]
[SourceQuality "1"]

1. Nf3 d5 2. g3 Bf5 3. Bg2 Nc6 4. d4 Nb4 5. Na3 e6 6. 0-0 Nf6 7. Bf4 c6 8. Ne5 Be7 9. c3 Na6 10. f3 h6 11. Qb3 Qb6 12. g4 Bh7 13. h4 Nb8 14. Nb1 Nfd7 15. h5 Bf6 16. Nd3 Bxd3 17. Qxb6 axb6 18. exd3 b5 19. Nd2 b4 20. Bd6 bxc3 21. bxc3 Bg5 22. Nb3 Be7 23. Bg3 Ba3 24. Rab1 b5 25. Rf2 0-0 26. Rc2 Ra4 27. Bf1 Na6 28. Re1 Ra8 29. Be2 Be7 30. Bd1 Ra7 31. Rg2 Ra3 32. Ree2 c5 33. dxc5 Naxc5 34. Nd4 Rb7 35. Nc6 Bf8 36. d4 Na4 37. Bxa4 Rxa4 38. Rb2 Ra6 39. Ne5 Nxe5 40. Bxe5 Ra3 41. Rgc2 Rb6 42. Kg2 f6 43. Bg3 Kf7 44. Kf2 Ke8 45. Ke2 Kd7 46. Rb3 Kc6 47. Rxa3 Bxa3 48. Kd3 Ra6 49. Re2 Kd7 50. Re1 Be7 51. Rb1 Ra5 52. Rb2 Bf8 53. Bf4 Ba3 54. Rb1 Be7 55. Rb2 Bd8 56. Bg3 Bb6 57. Bf4 1/2-1/2

[Event "AZE-ch Prelim 78th"]
[Site "Baku"]
[Date "2024.04.16"]
[Round "6"]
[White "Ibrahimli, Murad Sultanali"]
[Black "Hamidov, Allahverdi"]
[Result "1-0"]
[WhiteElo "2396"]
[BlackElo "2091"]
[PlyCount "61"]
[EventDate "2024.04.11"]
[EventType "swiss"]
[EventRounds "9"]
[EventCountry "AZE"]
[SourceTitle "CB17_2024"]
[SourceDate "2024.04.24"]
[SourceVersion "1"]
[SourceVersionDate "2024.04.24"]
[SourceQuality "1"]

1. c4 e6 2. Nc3 d5 3. d4 Nf6 4. Bg5 Be7 5. e3 Nbd7 6. cxd5 exd5 7. Bd3 h6 8. Bf4 c6 9. h3 0-0 10. Nf3 Re8 11. Qc2 Nf8 12. 0-0 Bd6 13. Bxd6 Qxd6 14. Rab1 N8d7 15. Rfc1 a5 16. a3 Qe7 17. Nd2 g6 18. Re1 Nf8 19. Na4 Qd8 20. b4 b5 21. Nc5 axb4 22. axb4 N6d7 23. Ncb3 Re6 24. Na5 Ra6 25. Nf3 Qe8 26. Rec1 f6 27. Bxb5 cxb5 28. Qxc8 Qxc8 29. Rxc8 Nb6 30. Rc5 Na4 31. Rc7 1-0

[Event "Titled Tuesday intern op 12th Sep Early"]
[Site "Chess.com INT"]
[Date "2023.09.12"]
[Round "4"]
[White "Al Tarbosh, Ward"]
[Black "Ibrahimli, Murad Sultanali"]
[Result "1-0"]
[WhiteElo "2280"]
[BlackElo "2396"]
[PlyCount "121"]
[EventDate "2023.09.12"]
[EventType "swiss (blitz)"]
[EventRounds "11"]
[EventCountry "USA"]
[SourceTitle "EXT 2024"]
[Source "ChessBase"]
[SourceDate "2023.10.10"]
[SourceVersion "1"]
[SourceVersionDate "2023.10.10"]
[SourceQuality "1"]

1. e4 e5 2. Nf3 Nc6 3. Bb5 a6 4. Ba4 Nf6 5. 0-0 Be7 6. d3 b5 7. Bb3 d6 8. a3 0-0 9. Nc3 Rb8 10. Be3 Bg4 11. h3 Bh5 12. Nd5 Na5 13. Ba2 Nd7 14. g4 Bg6 15. Nb4 Qc8 16. Qd2 c6 17. h4 Nc5 18. Nh2 Bxh4 19. g5 Qh3 20. Bxc5 dxc5 21. Nxa6 Ra8 22. Nxc5 Ra7 23. Rae1 Nb7 24. Nxb7 Rxb7 25. Kh1 Kh8 26. Rg1 f6 27. Re3 Qd7 28. Nf3 fxg5 29. Nxe5 Qd6 30. Nxg6+ Qxg6 31. Rg2 Qh5 32. Kg1 Rd7 33. Be6 Rd6 34. Bg4 Qf7 35. e5 Rd4 36. e6 Qe7 37. Re4 Rd6 38. Qe2 g6 39. Bh3 Kg7 40. b3 Rd5 41. c4 bxc4 42. bxc4 Ra5 43. Qb2+ Kh6 44. Rd4 Qxa3 45. Qxa3 Rxa3 46. Kh2 Ra2 47. Re4 Re8 48. e7 Ra7 49. Be6 Raxe7 50. Bg4 Rxe4 51. dxe4 Rxe4 52. Bf3 Rxc4 53. Be2 Rc3 54. f3 Kg7 55. Kh3 h5 56. Kh2 Kh6 57. Kh1 Rc1+ 58. Kh2 Be1 59. Bd3 Bc3 60. Re2 Rd1 61. Be4 1-0

[Event "Titled Tuesday intern op 12th Sep Early"]
[Site "Chess.com INT"]
[Date "2023.09.12"]
[Round "5"]
[White "Ibrahimli, Murad Sultanali"]
[Black "Janaszak, Dawid"]
[Result "0-1"]
[WhiteElo "2396"]
[BlackElo "2302"]
[PlyCount "90"]
[EventDate "2023.09.12"]
[EventType "swiss (blitz)"]
[EventRounds "11"]
[EventCountry "USA"]
[SourceTitle "EXT 2024"]
[Source "ChessBase"]
[SourceDate "2023.10.10"]
[SourceVersion "1"]
[SourceVersionDate "2023.10.10"]
[SourceQuality "1"]

1. d4 d5 2. c4 e6 3. Nc3 c5 4. cxd5 exd5 5. Nf3 Nc6 6. g3 Nf6 7. Bg2 Be7 8. 0-0 0-0 9. dxc5 Bxc5 10. Bg5 d4 11. Bxf6 Qxf6 12. Nd5 Qd8 13. Nd2 Re8 14. Rc1 Bf8 15. Nf4 Qa5 16. a3 Bd7 17. Nc4 Qd8 18. Qb3 Rb8 19. Bf3 b5 20. Nd2 Ne5 21. Bd5 Bf5 22. Nf3 Qf6 23. Nxd4 Bd7 24. Nf3 Nc4 25. Rfd1 Bg4 26. Kg2 g6 27. h3 Bf5 28. e4 Bxe4 29. Bxe4 Rxe4 30. Nd5 Qd8 31. Nc3 Qe8 32. Nxe4 Qxe4 33. Rd4 Qa8 34. Re1 Bg7 35. Rf4 Bxb2 36. Kh2 Bxa3 37. Rxc4 bxc4 38. Qxa3 Rb3 39. Qa4 Qxf3 40. Kg1 Rb2 41. Rf1 c3 42. Qxa7 c2 43. Qa1 Qb3 44. Qa8+ Kg7 45. Qd8 Qc3 0-1

[Event "Titled Tuesday intern op 05th Sep Early"]
[Site "Chess.com INT"]
[Date "2023.09.05"]
[Round "11"]
[White "Andreikin, Dmitry"]
[Black "Ibrahimli, Murad Sultanali"]
[Result "1-0"]
[WhiteElo "2729"]
[BlackElo "2396"]
[PlyCount "113"]
[EventDate "2023.09.05"]
[EventType "swiss (blitz)"]
[EventRounds "11"]
[EventCountry "USA"]
[SourceTitle "EXT 2024"]
[Source "ChessBase"]
[SourceDate "2023.10.10"]
[SourceVersion "1"]
[SourceVersionDate "2023.10.10"]
[SourceQuality "1"]

1. d4 Nf6 2. c4 e6 3. Nf3 Bb4+ 4. Bd2 Qe7 5. g3 Nc6 6. Bg2 Bxd2+ 7. Nbxd2 d6 8. Nf1 e5 9. Ne3 e4 10. Ng5 h6 11. Nxe4 Nxe4 12. Nd5 Qd8 13. Bxe4 Bh3 14. Nf4 Bd7 15. 0-0 0-0 16. e3 Re8 17. Bd5 Rb8 18. a3 Ne7 19. Bg2 Nf5 20. Qd3 c6 21. b4 Qf6 22. b5 g5 23. Ne2 h5 24. e4 Nh6 25. bxc6 bxc6 26. Rab1 h4 27. f3 h3 28. Bh1 Qe7 29. Nc3 Be6 30. Rbc1 Rb2 31. Nd1 Rb7 32. Ne3 Reb8 33. f4 gxf4 34. gxf4 f5 35. Bf3 Rb3 36. Rc3 Rxc3 37. Qxc3 fxe4 38. Bxe4 d5 39. cxd5 cxd5 40. Nxd5 Qg7+ 41. Kh1 Kh8 42. f5 Nxf5 43. Qxh3+ Qh6 44. Qxh6+ Nxh6 45. Rf6 Bxd5 46. Bxd5 Ng4 47. Re6 Rb2 48. h3 Nf2+ 49. Kg2 Nd3+ 50. Kg3 Rd2 51. Ra6 Nb2 52. Rxa7 Rxd4 53. Be6 Nd3 54. Bf5 Nc5 55. h4 Rd5 56. Kg4 Rd4+ 57. Kg5 1-0

[Event "Titled Tuesday intern op 05th Sep Late"]
[Site "Chess.com INT"]
[Date "2023.09.05"]
[Round "6"]
[White "Ibrahimli, Murad Sultanali"]
[Black "Erenberg, Ariel"]
[Result "1-0"]
[WhiteElo "2396"]
[BlackElo "2496"]
[PlyCount "91"]
[EventDate "2023.09.05"]
[EventType "swiss (blitz)"]
[EventRounds "11"]
[EventCountry "USA"]
[SourceTitle "EXT 2024"]
[Source "ChessBase"]
[SourceDate "2023.10.10"]
[SourceVersion "1"]
[SourceVersionDate "2023.10.10"]
[SourceQuality "1"]

1. d4 Nf6 2. c4 e6 3. Nf3 b6 4. g3 Bb7 5. Bg2 Bb4+ 6. Bd2 Be7 7. 0-0 0-0 8. Bf4 d6 9. Nc3 Ne4 10. Na4 Nd7 11. Qc2 f5 12. Rad1 h6 13. Bc1 Qe8 14. Ne1 Qg6 15. Nd3 e5 16. d5 Nef6 17. Nb4 e4 18. Qb3 Ne5 19. f4 exf3 20. exf3 Rae8 21. f4 Ned7 22. Nc6 Bxc6 23. dxc6 Nc5 24. Nxc5 dxc5 25. Rfe1 Ne4 26. Qa4 Bf6 27. Bxe4 fxe4 28. Be3 Bxb2 29. Rd7 Rc8 30. Red1 Qg4 31. Qc2 Qf3 32. Qf2 Qxf2+ 33. Kxf2 Bf6 34. Ke2 Rf7 35. g4 Rxd7 36. Rxd7 Kf8 37. g5 Be7 38. h4 hxg5 39. fxg5 Bd6 40. h5 Re8 41. g6 Re5 42. h6 gxh6 43. Bxh6+ Ke8 44. g7 Rh5 45. g8Q+ Bf8 46. Qxf8# 1-0

[Event "Titled Tuesday intern op 05th Sep Early"]
[Site "Chess.com INT"]
[Date "2023.09.05"]
[Round "7"]
[White "Ibrahimli, Murad Sultanali"]
[Black "Ventura Bolet, Maxim"]
[Result "1-0"]
[WhiteElo "2396"]
[BlackElo "2233"]
[PlyCount "83"]
[EventDate "2023.09.05"]
[EventType "swiss (blitz)"]
[EventRounds "11"]
[EventCountry "USA"]
[SourceTitle "EXT 2024"]
[Source "ChessBase"]
[SourceDate "2023.10.10"]
[SourceVersion "1"]
[SourceVersionDate "2023.10.10"]
[SourceQuality "1"]

1. d4 Nf6 2. c4 d6 3. Nc3 Nbd7 4. e4 e5 5. Nge2 g6 6. f3 Bg7 7. Be3 0-0 8. Qd2 c6 9. 0-0-0 a6 10. dxe5 dxe5 11. c5 Qa5 12. Kb1 Nxc5 13. Nd5 Qxd2 14. Ne7+ Kh8 15. Rxd2 Ne6 16. Nxc8 Raxc8 17. Bb6 c5 18. Nc3 Nd4 19. a4 Nd7 20. Nd5 Rc6 21. a5 Nxb6 22. Nxb6 f5 23. Bc4 fxe4 24. fxe4 Bh6 25. Rdd1 Rf2 26. Bd5 Rcf6 27. Bxb7 Rxg2 28. Bxa6 Rff2 29. Na4 Nb3 30. Rd8+ Kg7 31. Rd7+ Kf6 32. Bf1 Rxh2 33. Rxh2 Rxh2 34. a6 Rh1 35. Rd1 Nd2+ 36. Rxd2 Rxf1+ 37. Ka2 Bxd2 38. a7 Be3 39. a8Q Rf2 40. Nxc5 Bxc5 41. Qc6+ Kg5 42. Qxc5 1-0

[Event "Titled Tuesday intern op 05th Sep Late"]
[Site "Chess.com INT"]
[Date "2023.09.05"]
[Round "7"]
[White "Idnani, Roshan R"]
[Black "Ibrahimli, Murad Sultanali"]
[Result "1-0"]
[WhiteElo "2082"]
[BlackElo "2396"]
[PlyCount "77"]
[EventDate "2023.09.05"]
[EventType "swiss (blitz)"]
[EventRounds "11"]
[EventCountry "USA"]
[SourceTitle "EXT 2024"]
[Source "ChessBase"]
[SourceDate "2023.10.10"]
[SourceVersion "1"]
[SourceVersionDate "2023.10.10"]
[SourceQuality "1"]

1. e4 e5 2. Nf3 Nc6 3. d4 exd4 4. Nxd4 Nf6 5. Nxc6 bxc6 6. e5 Qe7 7. Ke2 Nd5 8. Qd4 f6 9. f4 fxe5 10. Qxe5 Qxe5+ 11. fxe5 Be7 12. c4 Nb4 13. Kd1 0-0 14. a3 Na6 15. b4 d6 16. exd6 cxd6 17. Be2 Rf2 18. Rg1 Be6 19. Nc3 Bf6 20. Ne4 Bxa1 21. Nxf2 Bd4 22. Rf1 Nc7 23. Ne4 d5 24. Ng5 Bd7 25. Bf4 Ne8 26. cxd5 cxd5 27. Ba6 Nf6 28. Re1 h6 29. Ne6 Bb2 30. Nc5 Bf5 31. Bc1 Bc3 32. Re7 Kf8 33. Rb7 Ng4 34. h3 Re8 35. Bd2 Nf2+ 36. Kc1 Bd4 37. g4 Bg6 38. Rd7 Re5 39. Rxa7 1-0

[Event "Titled Tuesday intern op 05th Sep Late"]
[Site "Chess.com INT"]
[Date "2023.09.05"]
[Round "1"]
[White "Silva Lucena, Cristian"]
[Black "Ibrahimli, Murad Sultanali"]
[Result "0-1"]
[WhiteElo "2335"]
[BlackElo "2396"]
[PlyCount "100"]
[EventDate "2023.09.05"]
[EventType "swiss (blitz)"]
[EventRounds "11"]
[EventCountry "USA"]
[SourceTitle "EXT 2024"]
[Source "ChessBase"]
[SourceDate "2023.10.10"]
[SourceVersion "1"]
[SourceVersionDate "2023.10.10"]
[SourceQuality "1"]

1. e4 e5 2. Nf3 Nc6 3. Bc4 Bc5 4. d4 exd4 5. c3 d3 6. 0-0 d6 7. b4 Bb6 8. a4 a6 9. a5 Ba7 10. Qb3 Qe7 11. Bg5 Nf6 12. Bxd3 h6 13. Bh4 g5 14. Bg3 Nh5 15. Nbd2 0-0 16. Rae1 Nxg3 17. hxg3 Kg7 18. Nc4 Be6 19. Qc2 g4 20. Nh4 Qg5 21. Ne3 Bxe3 22. Rxe3 Ne5 23. Qe2 Rad8 24. c4 c5 25. b5 Ra8 26. b6 Rad8 27. f4 gxf3 28. Nxf3 Qh5 29. Qb2 f6 30. Be2 Ng4 31. Rc3 Rfe8 32. Nh4 Qe5 33. Qc2 Bd7 34. Bxg4 Bxg4 35. Rf4 Bd7 36. Rcf3 Rf8 37. Kh2 Rde8 38. Qe2 Rf7 39. Re3 Kh7 40. Qf2 Rg8 41. Ref3 Rgf8 42. Qe3 Qg5 43. Qd2 Bg4 44. Rd3 Be6 45. Rxd6 Bxc4 46. Rd7 Rxd7 47. Qxd7+ Rf7 48. Qe8 Qe5 49. Nf5 Qxe8 50. Rh4 Qf8 0-1

[Event "Titled Tuesday intern op 29th Aug Early"]
[Site "Chess.com INT"]
[Date "2023.08.29"]
[Round "2"]
[White "Dhananjay, S."]
[Black "Ibrahimli, Murad Sultanali"]
[Result "0-1"]
[WhiteElo "2133"]
[BlackElo "2406"]
[PlyCount "88"]
[EventDate "2023.08.29"]
[EventType "swiss (blitz)"]
[EventRounds "11"]
[EventCountry "USA"]
[SourceTitle "EXT 2024"]
[Source "ChessBase"]
[SourceDate "2023.10.10"]
[SourceVersion "1"]
[SourceVersionDate "2023.10.10"]
[SourceQuality "1"]

1. Nf3 Nf6 2. c4 g6 3. Nc3 Bg7 4. e4 0-0 5. d4 c5 6. d5 d6 7. Bd3 e6 8. 0-0 Re8 9. h3 Na6 10. Bg5 h6 11. Be3 exd5 12. exd5 Nc7 13. Qd2 Kh7 14. Rae1 a6 15. a4 b5 16. b3 bxc4 17. bxc4 Rb8 18. Qc2 Bd7 19. Bf4 Rxe1 20. Rxe1 Nce8 21. Nh4 Kg8 22. Nf3 Rb7 23. Kh2 Bc8 24. Qd2 g5 25. Be3 Qa5 26. Bc2 Ng4+ 27. hxg4 Bxc3 28. Qd3 Nf6 29. Re2 Re7 30. Nxg5 hxg5 31. Bxg5 Rxe2 32. Bxf6 Bxf6 33. Qxe2 Qc3 34. Qe8+ Kg7 35. g5 Qe5+ 36. Qxe5 Bxe5+ 37. g3 Bd7 38. f4 Bc3 39. Kg2 Bg4 40. Be4 a5 41. Bf3 Bf5 42. g4 Bc2 43. f5 f6 44. Be4 Bxe4+ 0-1

[Event "Titled Tuesday intern op 29th Aug Early"]
[Site "Chess.com INT"]
[Date "2023.08.29"]
[Round "4"]
[White "Dyachuk, Artem"]
[Black "Ibrahimli, Murad Sultanali"]
[Result "0-1"]
[WhiteElo "2242"]
[BlackElo "2406"]
[PlyCount "60"]
[EventDate "2023.08.29"]
[EventType "swiss (blitz)"]
[EventRounds "11"]
[EventCountry "USA"]
[SourceTitle "EXT 2024"]
[Source "ChessBase"]
[SourceDate "2023.10.10"]
[SourceVersion "1"]
[SourceVersionDate "2023.10.10"]
[SourceQuality "1"]

1. e4 g6 2. d4 Bg7 3. Nc3 d6 4. Nf3 a6 5. Be3 b5 6. Qd2 Bb7 7. Bd3 Nd7 8. h4 h6 9. 0-0-0 e6 10. Rh3 Rc8 11. Rg3 c5 12. h5 g5 13. dxc5 Nxc5 14. Be2 b4 15. Bxc5 bxc3 16. Qxd6 cxb2+ 17. Kb1 Qxd6 18. Bxd6 Bxe4 19. Ne1 Ne7 20. Bxa6 Rd8 21. Bb5+ Kf8 22. a4 Bf6 23. Re3 Bf5 24. a5 Kg7 25. a6 Nd5 26. Rxd5 exd5 27. Ba3 Rb8 28. Rb3 Rhe8 29. Nd3 Bxd3 30. Bxe8 Rxb3 0-1

[Event "Titled Tuesday intern op 22nd Aug Early"]
[Site "Chess.com INT"]
[Date "2023.08.22"]
[Round "10"]
[White "Andreikin, Dmitry"]
[Black "Ibrahimli, Murad Sultanali"]
[Result "1/2-1/2"]
[WhiteElo "2729"]
[BlackElo "2406"]
[PlyCount "183"]
[EventDate "2023.08.22"]
[EventType "swiss (blitz)"]
[EventRounds "11"]
[EventCountry "USA"]
[SourceTitle "EXT 2024"]
[Source "ChessBase"]
[SourceDate "2023.10.10"]
[SourceVersion "1"]
[SourceVersionDate "2023.10.10"]
[SourceQuality "1"]

1. d4 Nf6 2. c4 e6 3. Nf3 d5 4. Bg5 dxc4 5. e4 h6 6. Bxf6 Qxf6 7. Bxc4 c5 8. e5 Qd8 9. d5 exd5 10. Bxd5 Be7 11. Nc3 0-0 12. Qb3 Nc6 13. 0-0-0 Qb6 14. Rhe1 Qxb3 15. Bxb3 Bg4 16. Re4 Bf5 17. Rf4 g6 18. Nd5 Rad8 19. h4 Kg7 20. Ne3 Rxd1+ 21. Kxd1 Bc8 22. Ke2 b5 23. Bd5 Nb4 24. a3 Nxd5 25. Nxd5 Bd8 26. Nf6 Be6 27. g4 Be7 28. g5 hxg5 29. Nxg5 Bc4+ 30. Ke1 Rh8 31. Nfe4 Bxg5 32. Nxg5 Re8 33. Re4 Bd5 34. Re3 c4 35. f4 Rh8 36. Rh3 a5 37. Kd2 b4 38. axb4 axb4 39. Rh2 f6 40. exf6+ Kxf6 41. Ke3 Kf5 42. Kd4 Rd8 43. Kc5 b3 44. Rd2 c3 45. bxc3 Rc8+ 46. Kb4 Kxf4 47. Ka3 Ra8+ 48. Kb2 Ke5 49. Re2+ Kd6 50. Ne4+ Kc6 51. Nd2 Ra2+ 52. Kb1 Rc2 53. Rf2 Rxc3 54. Rf6+ Kc5 55. Rxg6 Rd3 56. Kc1 Kb4 57. Rg7 Rc3+ 58. Kb1 Rd3 59. Nxb3 Rxb3+ 60. Kc1 Rh3 61. Kd2 Rxh4 62. Ke3 Re4+ 63. Kd3 Kc5 64. Rh7 Ra4 65. Kc3 Ra3+ 66. Kd2 Kd4 67. Rd7 Ra2+ 68. Kd1 Ke4 69. Kc1 Kd4 70. Kd1 Rg2 71. Rd8 Ke4 72. Kc1 Bc4 73. Rd2 Rg1+ 74. Kc2 Ke3 75. Rh2 Bd3+ 76. Kc3 Rc1+ 77. Kb2 Rb1+ 78. Kc3 Be4 79. Rh3+ Bf3 80. Rh4 Rc1+ 81. Kb4 Rc8 82. Ka4 Be4 83. Kb4 Kd4 84. Ka4 Ra8+ 85. Kb4 Rb8+ 86. Ka4 Rb1 87. Rg4 Kd5 88. Ka3 Bd3 89. Rb4 Ra1+ 90. Kb2 Rb1+ 91. Kc3 Rxb4 92. Kxb4 1/2-1/2

[Event "Titled Tuesday intern op 22nd Aug Early"]
[Site "Chess.com INT"]
[Date "2023.08.22"]
[Round "7"]
[White "Ibrahimli, Murad Sultanali"]
[Black "Kramnik, Vladimir"]
[Result "0-1"]
[WhiteElo "2406"]
[BlackElo "2753"]
[PlyCount "58"]
[EventDate "2023.08.22"]
[EventType "swiss (blitz)"]
[EventRounds "11"]
[EventCountry "USA"]
[SourceTitle "EXT 2024"]
[Source "ChessBase"]
[SourceDate "2023.10.10"]
[SourceVersion "1"]
[SourceVersionDate "2023.10.10"]
[SourceQuality "1"]

1. d4 d5 2. c4 e6 3. Nf3 Nf6 4. g3 Be7 5. Bg2 0-0 6. 0-0 dxc4 7. Qc2 a6 8. a4 b6 9. Qxc4 Bb7 10. Bg5 Nbd7 11. Nc3 c5 12. Rfd1 Rc8 13. Qd3 h6 14. Bxf6 Nxf6 15. Ne5 Bxg2 16. Kxg2 cxd4 17. Qxd4 Qc7 18. Nf3 Qb7 19. h3 Rc5 20. e4 Rfc8 21. Qe3 Rxc3 22. bxc3 Nxe4 23. Rd4 f5 24. Rad1 Rxc3 25. Rxe4 Rxe3 26. Rxe3 Qc6 27. h4 Qxa4 28. Rb1 Bc5 29. Rxe6 Qa2 0-1

[Event "Titled Tuesday intern op 22nd Aug Early"]
[Site "Chess.com INT"]
[Date "2023.08.22"]
[Round "1"]
[White "Ibrahimli, Murad Sultanali"]
[Black "Mendoza, Rodrigo"]
[Result "1-0"]
[WhiteElo "2406"]
[BlackElo "2152"]
[PlyCount "73"]
[EventDate "2023.08.22"]
[EventType "swiss (blitz)"]
[EventRounds "11"]
[EventCountry "USA"]
[SourceTitle "EXT 2024"]
[Source "ChessBase"]
[SourceDate "2023.10.10"]
[SourceVersion "1"]
[SourceVersionDate "2023.10.10"]
[SourceQuality "1"]

1. e4 c6 2. Nc3 d5 3. Nf3 Bg4 4. h3 Bxf3 5. Qxf3 Nf6 6. d3 e6 7. Bd2 d4 8. Nb1 c5 9. g3 Nc6 10. Bg2 Rc8 11. 0-0 Be7 12. a4 c4 13. Qe2 cxd3 14. cxd3 Qb6 15. Na3 0-0 16. Nc4 Qb3 17. Rfc1 Nd7 18. f4 e5 19. h4 Rcd8 20. h5 h6 21. Bh3 a6 22. Bxd7 Rxd7 23. fxe5 b5 24. axb5 axb5 25. Nb6 Nxe5 26. Nxd7 Nxd7 27. Bf4 Re8 28. Qc2 Qe6 29. Kg2 Qg4 30. Qd1 Qe6 31. Ra7 Bf6 32. Rcc7 Rd8 33. Qc2 Qg4 34. Kf2 Qxh5 35. Kg2 Kh7 36. Rxd7 Rc8 37. Rdc7 1-0

[Event "Titled Tuesday intern op 22nd Aug Early"]
[Site "Chess.com INT"]
[Date "2023.08.22"]
[Round "4"]
[White "Le, Tuan Minh"]
[Black "Ibrahimli, Murad Sultanali"]
[Result "0-1"]
[WhiteElo "2559"]
[BlackElo "2406"]
[PlyCount "116"]
[EventDate "2023.08.22"]
[EventType "swiss (blitz)"]
[EventRounds "11"]
[EventCountry "USA"]
[SourceTitle "EXT 2024"]
[Source "ChessBase"]
[SourceDate "2023.10.10"]
[SourceVersion "1"]
[SourceVersionDate "2023.10.10"]
[SourceQuality "1"]

1. d4 Nf6 2. Nf3 c5 3. c3 e6 4. Bf4 Qb6 5. Qc2 Nc6 6. e3 cxd4 7. exd4 Be7 8. Nbd2 d6 9. Bd3 Qd8 10. h3 0-0 11. 0-0 b6 12. Rfe1 Bb7 13. Rad1 Rc8 14. Qb1 Re8 15. Ng5 g6 16. Nge4 Nxe4 17. Nxe4 Na5 18. Qc1 Bxe4 19. Rxe4 Bf6 20. Rde1 Qd7 21. Bg3 Bg7 22. h4 h5 23. Bf4 Nc4 24. Bxc4 Rxc4 25. Bh6 b5 26. a3 a5 27. Bxg7 Kxg7 28. Qg5 b4 29. axb4 axb4 30. R1e3 bxc3 31. bxc3 Qd8 32. Qg3 Ra4 33. Rf3 e5 34. Kh2 exd4 35. Ref4 Rf8 36. cxd4 f5 37. Rb3 Rf7 38. Qe3 Qf6 39. g3 Re7 40. Qc3 Ra2 41. Kg2 Qe6 42. d5+ Qe5 43. Qxe5+ Rxe5 44. Rb5 Rd2 45. Rb7+ Kf6 46. Rd7 Rexd5 47. Rc4 Ra5 48. Rcc7 Raa2 49. Kf3 Rxf2+ 50. Ke3 Rae2+ 51. Kd4 Re4+ 52. Kd5 Rd2+ 53. Kc6 Rc4+ 54. Kb5 Rxc7 55. Rxc7 f4 56. gxf4 Rd4 57. Rd7 Rxf4 58. Rxd6+ Kg7 0-1

[Event "Titled Tuesday intern op 04th Jul Late"]
[Site "Chess.com INT"]
[Date "2023.07.04"]
[Round "3"]
[White "Ibrahimli, Murad Sultanali"]
[Black "Gavrilin, Roman"]
[Result "1-0"]
[WhiteElo "2406"]
[BlackElo "2156"]
[PlyCount "73"]
[EventDate "2023.07.04"]
[EventType "swiss (blitz)"]
[EventRounds "11"]
[EventCountry "USA"]
[SourceTitle "EXT 2024"]
[Source "ChessBase"]
[SourceDate "2023.10.10"]
[SourceVersion "1"]
[SourceVersionDate "2023.10.10"]
[SourceQuality "1"]

1. c4 e5 2. Nc3 Nc6 3. g3 Nf6 4. Bg2 Bb4 5. Nd5 Be7 6. e3 0-0 7. Ne2 d6 8. 0-0 Nxd5 9. cxd5 Nb8 10. d4 f5 11. dxe5 dxe5 12. e4 Bd6 13. exf5 Bxf5 14. Nc3 a6 15. Be3 Nd7 16. Ne4 Nf6 17. Nc5 Rb8 18. Ne6 Bxe6 19. dxe6 Qe7 20. Qb3 Rfe8 21. Bh3 Bc5 22. Rfe1 Bxe3 23. Rxe3 e4 24. Rd1 c6 25. Rd7 Qc5 26. Rxb7 Rxb7 27. Qxb7 a5 28. Qf7+ Kh8 29. Rc3 Qd6 30. Qb7 c5 31. Qb5 h5 32. Qxc5 Qd1+ 33. Kg2 h4 34. gxh4 Nh5 35. Qg5 Rf8 36. e7 Re8 37. Bg4 1-0

[Event "Titled Tuesday intern op 04th Jul Late"]
[Site "Chess.com INT"]
[Date "2023.07.04"]
[Round "11"]
[White "Kollars, Dmitrij"]
[Black "Ibrahimli, Murad Sultanali"]
[Result "1-0"]
[WhiteElo "2618"]
[BlackElo "2406"]
[PlyCount "49"]
[EventDate "2023.07.04"]
[EventType "swiss (blitz)"]
[EventRounds "11"]
[EventCountry "USA"]
[SourceTitle "EXT 2024"]
[Source "ChessBase"]
[SourceDate "2023.10.10"]
[SourceVersion "1"]
[SourceVersionDate "2023.10.10"]
[SourceQuality "1"]

1. c4 Nf6 2. Nc3 e5 3. Nf3 Nc6 4. a3 Nd4 5. Nxd4 exd4 6. Nd5 c6 7. Nxf6+ Qxf6 8. d3 a5 9. g3 Bd6 10. Bg2 0-0 11. h4 Re8 12. Bg5 Qf5 13. Kf1 a4 14. Bf3 b5 15. g4 Qe5 16. Rc1 Ba6 17. cxb5 Qxb5 18. Rc2 Rab8 19. Bc1 Qb3 20. h5 Rb5 21. h6 g6 22. Kg2 f5 23. Rc4 c5 24. Rxa4 Bc8 25. Qxb3+ 1-0

[Event "Titled Tuesday intern op 04th Jul Late"]
[Site "Chess.com INT"]
[Date "2023.07.04"]
[Round "2"]
[White "Storme, Isak"]
[Black "Ibrahimli, Murad Sultanali"]
[Result "0-1"]
[WhiteElo "2448"]
[BlackElo "2406"]
[PlyCount "220"]
[EventDate "2023.07.04"]
[EventType "swiss (blitz)"]
[EventRounds "11"]
[EventCountry "USA"]
[SourceTitle "EXT 2024"]
[Source "ChessBase"]
[SourceDate "2023.10.10"]
[SourceVersion "1"]
[SourceVersionDate "2023.10.10"]
[SourceQuality "1"]

1. e4 c6 2. Nf3 d5 3. d3 Bg4 4. h3 Bh5 5. g4 Bg6 6. Qe2 Nd7 7. Nh4 e6 8. Nxg6 hxg6 9. Bg2 dxe4 10. dxe4 e5 11. g5 Nc5 12. h4 Ne6 13. Qg4 Nd4 14. Qd1 Qa5+ 15. Bd2 Qc5 16. c3 Ne6 17. Be3 Qb5 18. Qe2 Qxe2+ 19. Kxe2 Bc5 20. Nd2 Bxe3 21. fxe3 f6 22. Nc4 Ke7 23. Rad1 Rd8 24. Rxd8 Nxd8 25. Kf3 Nf7 26. Kg4 fxg5 27. hxg5 Rxh1 28. Bxh1 b5 29. Na5 Nd8 30. b4 Kd6 31. Bf3 Ne7 32. Bd1 c5 33. Nb3 cxb4 34. cxb4 Nec6 35. a3 Ne6 36. Nd2 a5 37. bxa5 Nxa5 38. Be2 Kc5 39. Nf3 Nc6 40. Bd1 Kd6 41. Bb3 Nc5 42. Bf7 Nxe4 43. Bxg6 Nf2+ 44. Kg3 Nd1 45. Nd2 Nxe3 46. Kf3 Nc4 47. Ne4+ Kc7 48. Bf7 Nd4+ 49. Kg4 Nxa3 50. Nc3 Kd6 51. Kh5 b4 52. Ne4+ Ke7 53. Kg6 b3 54. Kxg7 b2 55. Nc3 b1Q 56. Nxb1 Nxb1 57. g6 Nf5+ 58. Kh7 Kf6 59. Bb3 Nc3 60. Bc2 Ng7 61. Kh6 Nd5 62. Kh7 Nf4 63. Be4 Nh3 64. Bb1 Ng5+ 65. Kh6 N5e6 66. Kh7 Ne8 67. Kg8 Nd6 68. Kh7 Nf5 69. Ba2 Nf8+ 70. Kg8 Nxg6 71. Bb1 Nge7+ 72. Kf8 Nc6 73. Ke8 Ke6 74. Ba2+ Kd6 75. Bb1 Ng3 76. Kf7 Kd5 77. Kf6 Kd4 78. Kg5 Ne4+ 79. Kf5 Nd2 80. Ba2 e4 81. Bf7 Ne7+ 82. Kf4 Nd5+ 83. Kg3 Nf6 84. Kf2 e3+ 85. Ke2 Nde4 86. Bg6 Ng3+ 87. Ke1 Ke5 88. Bb1 Kf4 89. Bd3 Ne8 90. Ba6 Nd6 91. Kd1 Ndf5 92. Ke1 Nd4 93. Bd3 Nf3+ 94. Kd1 Ne4 95. Ba6 Nc3+ 96. Kc2 Nd5 97. Kd1 Ke4 98. Bb5 Kd4 99. Ba6 Ne5 100. Ke1 Nf4 101. Bf1 Nc4 102. Kd1 Nd3 103. Be2 Ncb2+ 104. Kc2 Nf4 105. Ba6 Nbd3 106. Kd1 e2+ 107. Kd2 e1Q+ 108. Kc2 Qc1+ 109. Kb3 Qb2+ 110. Ka4 Qb4# 0-1